Đánh giá sự thích ứng của phương pháp tiếp cận khuyến nông có sự tham gia của người dân từ 2002-2006 tại 4 tỉnh vùng dự án ở Đồng bằng sông Cửu Long : Báo cáo khoa học

Đề tài đánh giá tiến trình các hoạt động kỹ thuật có sự tham gia (PTD) ở ĐBSCL, nó khuyến khích nông dân tham gia trong phát triển kỹ thuật và nâng cao các kỹ năng khuyến nông của cán bộ khuyến nông cơ sở....

Cur síos iomlán

Đã lưu trong:
Sonraí Bibleagrafaíochta
Príomhúdar: Nguyễn, Duy Cần
Formáid: Leabhar
Teanga:Undetermined
Foilsithe: Cần Thơ Trường Đại học Cần Thơ 2007
Ábhair:
Clibeanna: Cuir Clib Leis
Gan Chlibeanna, Bí ar an gcéad duine leis an taifead seo a chlibeáil!
Thư viện lưu trữ: Trung tâm Học liệu Trường Đại học Cần Thơ
LEADER 01201nam a2200229Ia 4500
001 CTU_164959
008 210402s9999 xx 000 0 und d
082 |a 630.715 
082 |b C121 
088 |a T2006-36 
100 |a Nguyễn, Duy Cần 
245 0 |a Đánh giá sự thích ứng của phương pháp tiếp cận khuyến nông có sự tham gia của người dân từ 2002-2006 tại 4 tỉnh vùng dự án ở Đồng bằng sông Cửu Long : 
245 0 |b Báo cáo khoa học 
245 0 |c Nguyễn Duy Cần (Chủ nhiệm) 
260 |a Cần Thơ 
260 |b Trường Đại học Cần Thơ 
260 |c 2007 
520 |a Đề tài đánh giá tiến trình các hoạt động kỹ thuật có sự tham gia (PTD) ở ĐBSCL, nó khuyến khích nông dân tham gia trong phát triển kỹ thuật và nâng cao các kỹ năng khuyến nông của cán bộ khuyến nông cơ sở. 
650 |a Agricultural extension work,Công tác khuyến nông 
904 |i Thoa, Hải 
915 |a PD 
980 |a Trung tâm Học liệu Trường Đại học Cần Thơ